00000000nam##2200000za#4500
0019.612935
003CaOODSP
00520200706133901
007ta
008150406|1996||||xxc|||||     f|0| 0 eng|d
020 |a0-660-15598-2
022 |a1200-5223
040 |aCaOODSP|beng
043 |an-cn---
0861 |aCS11-0019/90E
24504|aThe evolution of payroll taxes in Canada: 1961-1993 / |cby Zhengxi Lin et al.
260 |aOttawa - Ontario : |bStatistics Canada. |c1996.
300 |a27p. : |bgraphs, references, tables ; |c28 cm.
4901 |aResearch paper series|x1200-5223|vNo. 90
500 |a"This paper outlines the structure of payroll taxes and documents evidence on the level, growth and role of each component over the last three decades for Canada and for each province. Levied by both the federal and provincial governments, payroll taxes in Canada include four major components: i) unemployment insurance (UI) premiums; ii) Canada/Quebec Pension Plan (C/QPP) contributions; iii) workers compensation (WC) premiums; and iv) the provincial health/post-secondary education (H/E) tax levied by Quebec, Manitoba, Ontario and Newfoundland."--Abstract.
5203 |aThis paper outlines the structure of payroll taxes and documents evidence on the level, growth and role of each component over the last three decades for Canada and for each province. Levied by both the federal and provincial governments, payroll taxes in Canada include four major components: i) unemployment insurance (UI) premiums; ii) Canada/Quebec Pension Plan (C/QPP) contributions; iii) workers compensation (WC) premiums; and iv) the provincial health/post-secondary education (H/E) tax levied by Quebec, Manitoba, Ontario and Newfoundland.--Abstract
563 |aSoftcover
590 |a96-10|b1996-03-08
69007|aTaxes|2gcpds
7102 |aStatistics Canada. |bAnalytical Studies Branch.
7201 |aLin, Zhengxi
77508|tL'évolution des cotisations sociales au Canada: 1961-1993 / |w(CaOODSP)9.623812
7760#|tThe evolution of payroll taxes in Canada, 1961-1993 / |w(CaOODSP)9.574586
830#0|aResearch paper series,|x1200-5223|vNo. 90|w(CaOODSP)9.514463